000 00605nam a22001577a 4500
008 160601b xxu||||| |||| 00| 0 eng d
082 _22009
_aUT 0642
_bEn21
100 _99718
_aEndar, Myper Faith D.
245 _aEducational approaches for hearing-impaired students and their academic performance/
_cMyper Faith D. Endar, Nihaya M. Alimatar and Jovelyn C. Jista.
260 _aDigos City:
_bUMDC
_cNovember 2009.
300 _a74 pages;
_c28 cm.
650 0 _99717
_aEducation
_vEnglish
_xUndergraduate thesis.
700 _99715
_aAlimatar, Nihaya M.
700 _99716
_aJista, Joveyn C.
942 _2ddc
_cUT
999 _c2922
_d2922